00265 a2200121 4500001000700000020000600007040001100013100002600024240003900050245003400089362000900123440001100132170137 a  cMagnum aGohn, Maria da Gloria10aTeoria dos movimentos sociaislpor10aTeoria dos movimentos sociais0 a1899 1aLoyola